LEADER 01382nam0-2200469---450- 001 990005703070403321 005 20140512113547.0 035 $a000570307 035 $aFED01000570307 035 $a(Aleph)000570307FED01 035 $a000570307 100 $a19990604d1970----km-y0itay50------ba 101 0 $aita 102 $aIT 105 $af-------001yy 200 1 $aAspetti del movimento demografico in Campania$fVincenzo Santoro 210 $aNapoli$cGiannini$d1970 215 $aXI, 318 p.$d24 cm 225 1 $aRicerche$fCentro studi e ricerche economico-sociali dell'Unione regionale delle camere di commercio industria ed agricoltura della Campania$v03 610 0 $aDemografia$aCampania 676 $a312 676 $a304.6 700 1$aSantoro,$bVincenzo$03818 801 0$aIT$bUNINA$gRICA$2UNIMARC 901 $aBK 912 $a990005703070403321 952 $aISVE J1.7$b3307$fDECTS 952 $aXV C 160b (3)$b90369$fFGBC 952 $a304.6 SAN 2$bBibl. 46077$fFLFBC 952 $aE-07C-084$bIst.9448$fILFGE 952 $aF/3.12 SAN$b3220/I$fSES 952 $a13 F 26 07$b29495$fFINBC 952 $aXV R 380$fDTE 959 $aDECTS 959 $aFLFBC 959 $aILFGE 959 $aSES 959 $aFINBC 959 $aDTE 959 $aFGBC 996 $aAspetti del movimento demografico in Campania$9602550 997 $aUNINA LEADER 02267nam 2200457 450 001 9910466125703321 005 20200520144314.0 010 $a88-921-5172-X 035 $a(CKB)3710000000588663 035 $a(EBL)4387282 035 $a(MiAaPQ)EBC4387282 035 $a(Au-PeEL)EBL4387282 035 $a(CaPaEBR)ebr11223743 035 $a(OCoLC)953656636 035 $a(EXLCZ)993710000000588663 100 $a20160704h20132013 uy 0 101 0 $aita 135 $aur|n|---||||| 181 $2rdacontent 182 $2rdamedia 183 $2rdacarrier 200 12$aL'abuso del diritto nell'esperienza del diritto privato romano /$fFranciszek Longchamps de Be?rier 210 1$aTorino, [Italy] :$cG. Giappichelli Editore,$d2013. 210 4$d©2013 215 $a1 online resource (269 p.) 300 $aDescription based upon print version of record. 320 $aIncludes bibliographical references and index. 327 $aCover ; Occhiello ; Dedica ; Indice ; Introduzione ; Parte Prima. La regola di Gaio male nostro iure uti non debemus ; Capitolo I. Il divieto di maltrattamento degli schiavi ; Capitolo II. Gli effetti derivanti dall'operato dei prodighi ; Parte Seconda. Esempi di effetti della manifestazione dell'abuso del diritto nel diritto privato romano; Capitolo I. Le limitazioni della patria potesta?; Capitolo II. Gli interventi contro l'abuso nell'adozione; Capitolo III. La reazione all'abuso delle facolta? nel diritto successorio 327 $aParte Terza. Le opinioni della scienza giuridica sull'abuso del diritto nel diritto privato romanoCapitolo I. Il ruolo dell'exceptio doli nella reazione all'abuso del diritto; Capitolo II. Qui suo iure utitur neminem laedit; Capitolo III. La proprieta? e i rapporti di vicinato:l 'abuso del diritto e l'emulazione; Conclusioni ; Abbreviazioni; Bibliografia; Indice delle fonti 606 $aRoman law 608 $aElectronic books. 615 0$aRoman law. 676 $a340.54 700 $aLongchamps de Be?rier$b Franciszek$0424755 801 0$bMiAaPQ 801 1$bMiAaPQ 801 2$bMiAaPQ 906 $aBOOK 912 $a9910466125703321 996 $aAbuso del diritto nell'esperienza del diritto privato romano$9836002 997 $aUNINA LEADER 01648nas 2200505-a 450 001 996251311403316 005 20230217213020.0 011 $a2048-4011 035 $a(OCoLC)55133492 035 $a(CKB)957969847001 035 $a(CONSER)--2004236554 035 $a(DE-599)ZDB2026561-X 035 $a(EXLCZ)99957969847001 100 $a20040513a19979999 o-- - 101 0 $aeng 135 $aur||||||||||| 181 $ctxt$2rdacontent 182 $cc$2rdamedia 183 $acr$2rdacarrier 200 10$aAdvances in structural engineering 210 1$a[Brentwood, Essex, UK] :$c[Multi-Science Pub. Co.],$d[1997]- 210 31$aLondon, UK ;$aThousand Oaks, CA :$cSAGE Publishings Ltd. 215 $a1 online resource 300 $aRefereed/Peer-reviewed 311 $a1369-4332 531 $aADV STRUCT ENG 531 $aADVANCES IN STRUCTURAL ENGINEERING AN INTERNATIONAL JOURNAL 531 $aADV. STRUCT. ENG 606 $aStructural engineering$vPeriodicals 606 $aStructural engineering 606 $aTechnique de la construction 606 $aTechnique de la construction$vPériodiques 606 $astructural engineering$2aat 606 $aStructural engineering$2fast$3(OCoLC)fst01135658 608 $aPeriodicals.$2fast 615 0$aStructural engineering 615 0$aStructural engineering. 615 6$aTechnique de la construction. 615 6$aTechnique de la construction 615 7$astructural engineering. 615 7$aStructural engineering. 906 $aJOURNAL 912 $a996251311403316 996 $aAdvances in Structural Engineering$91407673 997 $aUNISA